000 00392nam a2200169Ia 4500
008 221030s9999 xx 000 0 und d
020 _a0074601059
041 _aEnglish
082 _a105.23
_bDha
100 _aA. M. Dhake
245 0 _aTelevision & Video Engineering
_cby A. M. Dhake
250 _a2nd
260 _bTMH
_aNew Delhi
_c2002
300 _a646
650 _aECE
942 _cBK
999 _c8066
_d8066